00452 2200181 4500001002100000005001500021035002000036008004100056245005700097100001700154250000600171260003400177300001100211084001400222082000800236650001400244990001200258INLIS00000000000023620240502023828 a0010-0424000212240502 0 ind 1 aBermain Sulap : Trik Kecepatan Tangan /cJoe Fullman aFullman, Joe a1 aSolo :bTiga Serangkai,c2009 a32 hlm a600 JOE b a600 4aNon Fiksi a0732418